000 00703nam a2200241Ia 4500
003 OSt
005 20220925222938.0
006 a|||||r|||| 00| 0
007 ta
008 220923b |||||||| |||| 00| 0 eng d
020 _a0710007558
037 _cGeneral Book
040 _aRTL
_cRTL
_beng
041 _2eng
_aeng
082 _aX9(J).2.N7<--N47, M1
100 _aRastyannikov V G
245 0 _aAgrarian evolution in a multiform structure societ
260 _aLondon
_bRourtledge and Kegan Paul U K
_c1981
300 _a373p. Bib p. 347-64
_ccm.
650 _aIndusty
_9231993
942 _hX9(J).2.N7<--N47, M1
_cGB
_2CC
999 _c578244
_d578244